000 01107nam0a2200313 4500
001 RU\NLR\bibl\575758
005 20250610134148.0
010 _a5-901194-26-8
_9300
021 _aRU
_b2004-60108
_92958
035 _a(NLR Aleph) 000567799
090 _a1573237
_c1573237
100 _a20041119d2004 |||y0rusy50 ca
101 0 _arus
102 _aRU
105 _ay |||||||||
200 1 _aОсторожно, двери открываются
_e[Повести]
_fНаталья Левинская
210 _aКалининград
_cРегион. орг. писателей
_cБизнес-Контакт
_d2004
215 _a165 с.
_d16
225 1 _aМолодые голоса
225 1 _aДебют
327 1 _aСодерж.: Осторожно, двери отрываются; Не учите камни плакать
686 _aШ6(2=Р)75-440.4
700 1 _aЛевинская
_bН.
_f1988-
_gНаталья
_4070
801 0 _aRU
_bNLR
_c20041119
_gPSBO
801 1 _aRU
_bNLR
_c20041119
942 _cBOOK
980 _aNB